[Event "39 Mar del Plata open"]
[Site "?"]
[Date "2008.03.16"]
[Round "3"]
[White "Moccero, Eduardo"]
[Black "Espinoza Palomino, Willyam"]
[Result "0-1"]
[WhiteElo "2120"]
[BlackElo "1945"]
[PlyCount "56"]

1. e4 e5 2. Nf3 Nc6 3. Bc4 Bc5 4. O-O Nf6 5. d4 exd4 6. e5 d5 7. exf6 dxc4 8.
Re1+ Be6 9. Ng5 Qd5 10. Nc3 Qf5 11. g4 Qg6 12. Nxe6 fxe6 13. Ne4 Bb6 14. fxg7
Qxg7 15. Ng5 O-O 16. Nxe6 Qf6 17. Nxf8 Rxf8 18. Qe2 d3 19. Qe6+ Qxe6 20. Rxe6
Rxf2 21. Be3 Re2 22. Bxb6 Rxe6 23. Bxc7 dxc2 24. Kf2 Nb4 25. Bf4 Nd3+ 26. Kg3
c1=Q 27. Bxc1 Re1 28. b3 Nxc1 0-1

[Event "39 Mar del Plata open"]
[Site "?"]
[Date "2008.03.16"]
[Round "3"]
[White "Musanti, Diego"]
[Black "Couso, Juan Jose"]
[Result "1-0"]
[WhiteElo "2314"]
[BlackElo "1972"]
[PlyCount "113"]

1. e4 c5 2. Nf3 Nc6 3. d4 cxd4 4. Nxd4 Nf6 5. Nc3 d6 6. Bc4 Bd7 7. Nxc6 Bxc6 8.
Qe2 e6 9. Bf4 Qa5 10. O-O-O Rd8 11. Rd3 Be7 12. Rhd1 b5 13. Bd5 Bxd5 14. exd5
b4 15. Ne4 Qxa2 16. dxe6 Nxe4 17. exf7+ Qxf7 18. Qxe4 O-O 19. Bg3 Rfe8 20. Qd5
Bf6 21. Qxf7+ Kxf7 22. Rxd6 Rc8 23. Rd7+ Kg6 24. Rc7 Rxc7 25. Bxc7 Re2 26. Bg3
b3 27. cxb3 Rxb2 28. Rd3 Ra2 29. Rd2 Ra1+ 30. Kc2 Kf5 31. Bd6 Ke4 32. f3+ Kf5
33. g4+ Ke6 34. Bg3 Ra6 35. Re2+ Kd5 36. Rd2+ Kc5 37. Rd7 Ra2+ 38. Kd3 Rb2 39.
Rxa7 Rxb3+ 40. Ke4 Rb4+ 41. Kf5 Kd4 42. f4 Rb5+ 43. Ke6 Ke4 44. Ra4+ Kf3 45. g5
Rb6+ 46. Kf7 Rb7+ 47. Kg8 Bb2 48. Kxh7 Kg4 49. g6 Rb5 50. Ra7 Rh5+ 51. Kg8 Rc5
52. Rf7 Kh5 53. f5 Rc8+ 54. Kh7 Re8 55. Bd6 Kg4 56. Be7 Kh3 57. f6 1-0

[Event "39 Mar del Plata open"]
[Site "?"]
[Date "2008.03.16"]
[Round "3"]
[White "Paveto, Kevin"]
[Black "Leskovar, Matias"]
[Result "0-1"]
[WhiteElo "1956"]
[BlackElo "2281"]
[PlyCount "54"]

1. e4 e5 2. Nf3 Nc6 3. Bc4 g6 4. O-O Bg7 5. d4 Nxd4 6. Nxd4 exd4 7. c3 dxc3 8.
Qb3 cxb2 9. Bxb2 Kf8 10. e5 Nh6 11. Nd2 b6 12. Ne4 Bb7 13. Nf6 Ng8 14. Ba3+ c5
15. Nxg8 Rxg8 16. Bxf7 Rh8 17. Bxc5+ bxc5 18. Qxb7 Kxf7 19. Rad1 Ke7 20. e6 Bd4
21. Rfe1 Rf8 22. Rd2 Rb8 23. exd7+ Kf6 24. Qc6+ Kg7 25. g3 Rf7 26. Rde2 Qxd7
27. Qe4 Rbf8 0-1

[Event "39 Mar del Plata open"]
[Site "?"]
[Date "2008.03.16"]
[Round "3"]
[White "Perez Ponsa, Federico"]
[Black "Pierrot, Facundo"]
[Result "1/2-1/2"]
[WhiteElo "2235"]
[BlackElo "2450"]
[PlyCount "160"]

1. e4 c5 2. Nf3 e6 3. d4 cxd4 4. Nxd4 Nf6 5. Nc3 Nc6 6. Ndb5 Bb4 7. a3 Bxc3+ 8.
Nxc3 d5 9. Bd3 O-O 10. O-O h6 11. exd5 exd5 12. Bf4 d4 13. Ne2 Re8 14. Ng3 Ne5
15. Bxe5 Rxe5 16. Qd2 Qb6 17. Qf4 Re8 18. Rae1 Bd7 19. b3 Qc5 20. Ne4 Nxe4 21.
Rxe4 Qxa3 22. Rxe8+ Bxe8 23. Qe4 g6 24. Bc4 Qd6 25. Qxb7 Rd8 26. Qxa7 Qf6 27.
Re1 Bc6 28. Qe7 Qxe7 29. Rxe7 Bd5 30. Bxd5 Rxd5 31. Kf1 d3 32. cxd3 Rb5 33. Re1
Rxb3 34. Ke2 h5 35. Ke3 Kg7 36. Re2 h4 37. Kd4 Rb8 38. Kc3 Rc8+ 39. Kd2 Rd8 40.
Re4 g5 41. Rg4 Kg6 42. f4 f6 43. fxg5 fxg5 44. h3 Kf5 45. d4 Ra8 46. Kc3 Ra1
47. Kc4 Rc1+ 48. Kd5 Rc2 49. Kd6 Kf6 50. d5 Ra2 51. Kc6 Ra6+ 52. Kb5 Ra2 53. d6
Ke6 54. Rxg5 Kxd6 55. Kc4 Ke6 56. Kd3 Ra7 57. Rg4 Rh7 58. Ke4 Kf6 59. Kf4 Rh8
60. Kf3 Rh7 61. Ra4 Kg5 62. Ra5+ Kh6 63. Rf5 Rg7 64. Rf4 Kh5 65. Rf8 Kg5 66.
Rf4 Kh5 67. Rf5+ Kh6 68. Rb5 Rf7+ 69. Ke3 Rg7 70. Rb2 Kh5 71. Kf4 Rf7+ 72. Ke5
Kg5 73. Ke6 Rf6+ 74. Ke7 Rc6 75. Rb4 Kh5 76. Kf7 Rc7+ 77. Kf6 Rc6+ 78. Kf5 Rc5+
79. Kf4 Rc2 80. Rb8 Rc4+ 1/2-1/2

[Event "39 Mar del Plata open"]
[Site "?"]
[Date "2008.03.16"]
[Round "3"]
[White "Roselli, Bernardo"]
[Black "Bustamante, Leonidas"]
[Result "1-0"]
[WhiteElo "2420"]
[BlackElo "2184"]
[PlyCount "89"]

1. d4 Nf6 2. c4 g6 3. Nc3 d5 4. Nf3 Bg7 5. Bg5 Ne4 6. cxd5 Nxg5 7. Nxg5 e6 8.
Qd2 exd5 9. Qe3+ Kf8 10. Qf4 Bf6 11. h4 h6 12. Nf3 Kg7 13. O-O-O Be6 14. g4 c5
15. e3 Nc6 16. Bb5 cxd4 17. exd4 g5 18. hxg5 hxg5 19. Rxh8 gxf4 20. Rxd8 Rxd8
21. Bxc6 bxc6 22. Ne2 c5 23. Nxf4 cxd4 24. Nh5+ Kg6 25. Nxf6 Rc8+ 26. Kd2 Kxf6
27. Rg1 Rb8 28. b3 Rb4 29. Kd3 Bd7 30. Nxd4 Ke5 31. Re1+ Kf4 32. f3 Rb7 33. Rh1
Bc8 34. Rh5 Be6 35. Rh7 Bc8 36. Rh3 Re7 37. Ne2+ Ke5 38. Rh5+ Kd6 39. Nc3 Bb7
40. Rf5 Ke6 41. Kd4 f6 42. Nxd5 Bxd5 43. Rxd5 Rc7 44. Ra5 Rd7+ 45. Ke4 1-0

[Event "39 Mar del Plata open"]
[Site "?"]
[Date "2008.03.16"]
[Round "3"]
[White "Scarzello, Alejandro"]
[Black "Daneri, Martin"]
[Result "1-0"]
[WhiteElo "2001"]
[BlackElo "2210"]
[PlyCount "51"]

1. e4 c5 2. Nf3 e6 3. d4 cxd4 4. Nxd4 Nf6 5. Nc3 d6 6. Be3 a6 7. f3 b5 8. g4
Bb7 9. Qd2 Nfd7 10. O-O-O Nb6 11. Ndxb5 axb5 12. Nxb5 Rxa2 13. Kb1 Ra8 14. Qb4
d5 15. Qd4 N8d7 16. Bf4 e5 17. Bxe5 Bc5 18. Nd6+ Kf8 19. Nxb7 Bxd4 20. Bd6+ Ke8
21. Nxd8 Kxd8 22. Rxd4 dxe4 23. fxe4 Re8 24. Bb5 Kc8 25. c4 Re6 26. c5 1-0

[Event "39 Mar del Plata open"]
[Site "?"]
[Date "2008.03.16"]
[Round "3"]
[White "Zamorano, Jorge"]
[Black "Vargas, Gabriela"]
[Result "1-0"]
[WhiteElo "2254"]
[BlackElo "2030"]
[PlyCount "69"]

1. Nf3 Nf6 2. c4 e6 3. g3 d5 4. b3 Be7 5. Bg2 O-O 6. O-O b6 7. Bb2 Nbd7 8. e3
Bb7 9. Qe2 c5 10. d3 Qc7 11. Nc3 Rad8 12. Rfd1 Qb8 13. a4 Bc6 14. h3 Qb7 15. g4
g6 16. g5 Nh5 17. cxd5 exd5 18. d4 Ng7 19. Qd2 Ne6 20. h4 Rfe8 21. Ne2 f6 22.
Bh3 Ndf8 23. gxf6 Bxf6 24. h5 Qf7 25. Ng3 Bg7 26. Bg2 gxh5 27. dxc5 bxc5 28.
Bxg7 Nxg7 29. Qc2 Qf6 30. Qxc5 d4 31. Nxd4 Bxg2 32. Kxg2 h4 33. Ngf5 Re5 34.
Qxe5 h3+ 35. Kh1 1-0

[Event "39 Mar del Plata open"]
[Site "?"]
[Date "2008.03.17"]
[Round "4"]
[White "Acosta, Mariano"]
[Black "Covas, Guillermo Maximilia"]
[Result "1-0"]
[WhiteElo "2021"]
[BlackElo "2192"]
[PlyCount "127"]

1. Nf3 Nf6 2. d4 g6 3. c4 Bg7 4. Nc3 d5 5. Bf4 c6 6. e3 O-O 7. h3 Nbd7 8. Bd3
dxc4 9. Bxc4 Nb6 10. Bd3 Nfd5 11. Be5 f6 12. Bg3 Be6 13. O-O Bf7 14. Qe2 Nb4
15. Rfd1 Re8 16. Bb1 Qc8 17. a3 Bc4 18. Qd2 N4d5 19. Ba2 Bxa2 20. Nxa2 Qe6 21.
Qc2 Bh6 22. Re1 Rac8 23. b4 Nd7 24. Qb3 Qf7 25. Rac1 e5 26. Nc3 e4 27. Nd2 f5
28. Nc4 N5b6 29. Na5 Qxb3 30. Nxb3 Bf8 31. Na5 Re6 32. Nxb7 Nc4 33. Nxe4 Nxa3
34. Nec5 Nxc5 35. Nxc5 Ree8 36. Re2 Nb5 37. Rb2 g5 38. Be5 Nc7 39. Nd7 Nd5 40.
Nxf8 Rxf8 41. Bd6 Rfd8 42. Bc5 Rd7 43. Ra1 Rb8 44. Rxa7 Rxa7 45. Bxa7 Rxb4 46.
Rxb4 Nxb4 47. Kf1 Kf7 48. Ke2 Ke6 49. Bc5 Na6 50. Ba3 Nc7 51. f3 Nd5 52. g3 f4
53. gxf4 gxf4 54. e4 Nf6 55. Bc1 Nh5 56. Kd3 c5 57. d5+ Kd6 58. Kc4 h6 59. Ba3
Ng3 60. Bxc5+ Kd7 61. e5 Nf1 62. e6+ Kd8 63. d6 Nd2+ 64. Kd5 1-0

[Event "39 Mar del Plata open"]
[Site "?"]
[Date "2008.03.17"]
[Round "4"]
[White "Aguilar, Andres"]
[Black "Fernandez, Maria Florencia"]
[Result "0-1"]
[WhiteElo "2248"]
[BlackElo "2037"]
[PlyCount "84"]

1. e4 d6 2. d4 Nf6 3. Nc3 g6 4. Nf3 Bg7 5. Be2 O-O 6. O-O c6 7. a4 a5 8. h3 Na6
9. Be3 Nb4 10. Qd2 Qc7 11. Rad1 Re8 12. Bh6 e5 13. dxe5 dxe5 14. Be3 Qe7 15.
Bb6 Nd7 16. Bc7 Bf8 17. Bc4 Qc5 18. Bb3 Na6 19. Ng5 Nxc7 20. Bxf7+ Kh8 21. Nxh7
Kxh7 22. Qg5 Re6 23. Qd8 Qe7 24. Qxc7 Qxf7 25. f4 Bc5+ 26. Kh1 Bb6 27. Rxd7
Bxd7 28. Qxb6 Rf6 29. Qxb7 Rf8 30. Ne2 exf4 31. e5 Bc8 32. Qb6 Rf5 33. Nd4 Rxe5
34. Nf3 Rh5 35. Re1 Re8 36. Rd1 Rd5 37. Rf1 Qb7 38. Qf2 Qxb2 39. Qh4+ Kg8 40.
Qxf4 Rf8 41. Qc4 Bd7 42. Re1 Qb4 0-1

[Event "39 Mar del Plata open"]
[Site "?"]
[Date "2008.03.17"]
[Round "4"]
[White "Bianchi, Albino"]
[Black "Zamorano, Jorge"]
[Result "0-1"]
[WhiteElo "2114"]
[BlackElo "2254"]
[PlyCount "106"]

1. e4 d6 2. d4 Nf6 3. Nc3 g6 4. Be2 Bg7 5. Nf3 O-O 6. O-O e5 7. dxe5 dxe5 8.
Qxd8 Rxd8 9. Bg5 Re8 10. Rad1 Bg4 11. h3 Bxf3 12. Bxf3 c6 13. Rd6 Nfd7 14. Rfd1
Nc5 15. Rd8 Nba6 16. Rxe8+ Rxe8 17. Be3 Bf8 18. a3 Nc7 19. b4 N5e6 20. Bxa7 Ra8
21. Be3 Rxa3 22. Nb1 Ra2 23. c3 c5 24. bxc5 Bxc5 25. Bxc5 Nxc5 26. Nd2 b5 27.
Nf1 Rc2 28. Ne3 Rxc3 29. Nd5 Nxd5 30. exd5 b4 31. d6 Nd7 32. Rb1 Rc4 33. Be2
Rd4 34. Bb5 Nc5 35. d7 Ne6 36. Ba4 Kf8 37. Rc1 Ke7 38. Rc8 Nd8 39. Rb8 h5 40.
g3 h4 41. g4 b3 42. Bxb3 Rxd7 43. Kg2 Rd3 44. Rb6 Rc3 45. Bd5 Rc5 46. Bb3 Rc6
47. Rb8 Rd6 48. Bc4 Kf6 49. Bb3 Rd4 50. Rb5 Rd7 51. Bc4 Rc7 52. Bb3 Rb7 53. Rd5
Ne6 0-1

[Event "39 Mar del Plata open"]
[Site "?"]
[Date "2008.03.17"]
[Round "4"]
[White "Bibiloni, Jorge"]
[Black "Maucci, Marcelo"]
[Result "1-0"]
[WhiteElo "2180"]
[BlackElo "1985"]
[PlyCount "63"]

1. e4 c5 2. d3 Nc6 3. g3 d5 4. Nd2 Nf6 5. Bg2 e6 6. Ngf3 Be7 7. O-O O-O 8. Re1
dxe4 9. dxe4 e5 10. c3 h6 11. Qe2 Bg4 12. h3 Be6 13. Nc4 Qc7 14. Nh4 Rad8 15.
Nf5 Qd7 16. g4 Rfe8 17. Be3 Bf8 18. Rad1 Bxc4 19. Qxc4 Qxd1 20. Rxd1 Rxd1+ 21.
Kh2 b6 22. Bf3 Rd7 23. h4 Ne7 24. g5 Nxf5 25. exf5 e4 26. gxf6 exf3 27. Qg4 Kh7
28. fxg7 Bd6+ 29. Kh3 Be5 30. f6 Rd6 31. g8=Q+ Rxg8 32. Qf5+ 1-0

[Event "39 Mar del Plata open"]
[Site "?"]
[Date "2008.03.17"]
[Round "4"]
[White "Bustamante, Leonidas"]
[Black "Vasconcelos, Danilo Nunes"]
[Result "1-0"]
[WhiteElo "2184"]
[BlackElo "1967"]
[PlyCount "80"]

1. e4 c5 2. Nc3 d6 3. f4 Nc6 4. Nf3 a6 5. a4 Nf6 6. Bc4 e6 7. Bb3 Rb8 8. d3 Be7
9. O-O Qc7 10. Qe1 O-O 11. Qg3 Nd7 12. f5 Nd8 13. Bh6 Bf6 14. Bf4 Ne5 15. Nxe5
dxe5 16. Be3 Qe7 17. Qf2 b6 18. a5 Nc6 19. axb6 Nd4 20. Bc4 Bg5 21. Bxg5 Qxg5
22. fxe6 Bxe6 23. Nd5 f5 24. b7 Rxb7 25. c3 Nc6 26. Rxa6 Rbf7 27. h4 Qd8 28.
Qg3 fxe4 29. Rxf7 Bxf7 30. dxe4 Nb8 31. Ra8 Qd6 32. Qg5 h6 33. Qe7 Qg6 34. Qxe5
Nc6 35. Rxf8+ Kxf8 36. Qf4 Kg8 37. Bb5 Kf8 38. h5 Qe6 39. Nc7 Qe5 40. g3 Ke7
1-0

[Event "39 Mar del Plata open"]
[Site "?"]
[Date "2008.03.17"]
[Round "4"]
[White "Celestino, Guillermo"]
[Black "Martin, Luis"]
[Result "1-0"]
[WhiteElo "2167"]
[BlackElo "1960"]
[PlyCount "24"]

1. e4 e6 2. d4 d5 3. Nc3 Nf6 4. Bg5 Be7 5. e5 Nfd7 6. Bxe7 Qxe7 7. f4 c5 8. Nb5
Na6 9. Nd6+ Kf8 10. Bxa6 bxa6 11. Nf3 h6 12. O-O g6 {telefono} 1-0

[Event "39 Mar del Plata open"]
[Site "?"]
[Date "2008.03.17"]
[Round "4"]
[White "Couso, Juan Jose"]
[Black "Dimuro, Matias"]
[Result "0-1"]
[WhiteElo "1972"]
[BlackElo "2143"]
[PlyCount "66"]

1. d4 d5 2. c4 c6 3. Nf3 Nf6 4. Nc3 e6 5. Bg5 dxc4 6. a4 c5 7. e4 cxd4 8. Nxd4
Nbd7 9. Bxc4 a6 10. O-O h6 11. Bh4 Ne5 12. Ba2 Bc5 13. Nb3 Qxd1 14. Raxd1 Ba7
15. Kh1 Bd7 16. f4 Nc4 17. e5 Ng4 18. Rxd7 Kxd7 19. Rd1+ Ke8 20. Ne4 g5 21. Rc1
gxh4 22. Rxc4 Nf2+ 23. Nxf2 Bxf2 24. g4 h3 25. Rc3 Rg8 26. g5 hxg5 27. f5 g4
28. fxe6 fxe6 29. Nc5 Rd8 30. Nd3 Bd4 31. Rc1 Be3 32. Rd1 Rf8 33. Bxe6 Rxd3 0-1

[Event "39 Mar del Plata open"]
[Site "?"]
[Date "2008.03.17"]
[Round "4"]
[White "Cristobal, Ruben"]
[Black "Cuevas, Alex"]
[Result "0-1"]
[WhiteElo "2283"]
[BlackElo "2165"]
[PlyCount "84"]

1. d4 Nf6 2. Nf3 c5 3. c3 e6 4. Bg5 Be7 5. e3 cxd4 6. exd4 b6 7. Nbd2 Bb7 8.
Bd3 Nc6 9. O-O Nd5 10. Bxe7 Ncxe7 11. Re1 O-O 12. Nc4 d6 13. Qd2 b5 14. Na3 a6
15. Nc2 Ng6 16. a4 bxa4 17. Rxa4 Nb6 18. Raa1 Bxf3 19. gxf3 Nd5 20. Kh1 Ndf4
21. Be4 Rb8 22. Nb4 Rb5 23. d5 Qh4 24. Rg1 f5 25. Bc2 Ne5 26. Rg3 a5 27. Nc6
Rf6 28. Nxe5 Rh6 29. h3 Nxh3 30. Kg2 Nf4+ 31. Kf1 Qh1+ 32. Rg1 Qh3+ 33. Ke1 Qh2
34. Rf1 Ng2+ 35. Kd1 Qxe5 36. c4 Rxb2 37. Rxa5 Rh4 38. dxe6 Qxe6 39. Ra8+ Kf7
40. Ra7+ Kf6 41. c5 Rc4 42. Ra6 Rbxc2 0-1

[Event "39 Mar del Plata open"]
[Site "?"]
[Date "2008.03.17"]
[Round "4"]
[White "De Dovittis, Alejo"]
[Black "Roselli, Bernardo"]
[Result "1/2-1/2"]
[WhiteElo "2326"]
[BlackElo "2420"]
[PlyCount "50"]

1. e4 e6 2. d4 d5 3. exd5 exd5 4. Nf3 Bg4 5. h3 Bh5 6. Qe2+ Ne7 7. Nc3 Nbc6 8.
g4 Bg6 9. Bf4 a6 10. O-O-O f6 11. h4 Kd7 12. h5 Be8 13. g5 f5 14. Ne5+ Kc8 15.
Bh3 Kb8 16. Rhe1 Na7 17. Rd3 Nac8 18. Bg2 Ka7 19. Rh3 Nb6 20. Qe3 Rc8 21. Nd3
Nc4 22. Qe2 Nc6 23. Bxd5 Nxd4 24. Qd1 Nb6 25. Bg2 Bc6 1/2-1/2

[Event "39 Mar del Plata open"]
[Site "?"]
[Date "2008.03.17"]
[Round "4"]
[White "Fernandez, Jorge Daniel"]
[Black "Merlo, Carlos"]
[Result "1-0"]
[WhiteElo "2012"]
[BlackElo "2181"]
[PlyCount "87"]

1. d4 d6 2. Nf3 g6 3. c4 Bg7 4. Nc3 e6 5. e4 Ne7 6. Be3 Nd7 7. Be2 b6 8. d5 e5
9. h4 Nf6 10. Nd2 h5 11. Nf3 Bg4 12. Ng5 Bxe2 13. Qxe2 Qd7 14. f3 Nh7 15. Nh3
O-O-O 16. Nf2 f5 17. b4 f4 18. Bd2 c5 19. bxc5 dxc5 20. a4 Kb7 21. Qd1 g5 22.
Qb3 Rb8 23. Nd3 Kc8 24. Rb1 Rb7 25. a5 gxh4 26. a6 Rc7 27. Nb5 Ng6 28. Nxa7+
Rxa7 29. Qxb6 Qc7 30. Qxg6 Nf6 31. Rb5 Qe7 32. Rxc5+ Kb8 33. Qf5 Nd7 34. Rb5+
Ka8 35. Rb7 Rh6 36. Rxa7+ Kxa7 37. c5 Rxa6 38. d6 Qd8 39. Ke2 Nxc5 40. Rc1 Nxd3
41. Rc7+ Kb6 42. Qf7 Qg5 43. Rb7+ Kc5 44. Qd5# 1-0

[Event "39 Mar del Plata open"]
[Site "?"]
[Date "2008.03.17"]
[Round "4"]
[White "Gallego, Gonzalo"]
[Black "Virgillito, Cristian"]
[Result "1-0"]
[WhiteElo "2027"]
[BlackElo "2215"]
[PlyCount "46"]

1. e4 e5 2. Nf3 Nc6 3. Bc4 Bc5 4. c3 Nf6 5. d3 a6 6. b4 Ba7 7. Qb3 Qe7 8. a4 d6
9. O-O h6 10. Nbd2 g5 11. Ba3 Bd7 12. d4 exd4 13. cxd4 Nxd4 14. Qc3 Nxf3+ 15.
Nxf3 Be6 16. Bxa6 O-O-O 17. Bd3 g4 18. Nd4 h5 19. a5 g3 20. a6 Nxe4 21. axb7+
Kxb7 22. Ba6+ Kxa6 23. Qc6+ Bb6 1-0

[Event "39 Mar del Plata open"]
[Site "?"]
[Date "2008.03.17"]
[Round "4"]
[White "Lo Presti, Roberto"]
[Black "Corsi Ferrari, Nestor"]
[Result "1-0"]
[WhiteElo "2148"]
[BlackElo "2272"]
[PlyCount "85"]

1. e4 e6 2. d4 d5 3. Nc3 Bb4 4. e5 b6 5. Bd3 Bf8 6. Nf3 Ba6 7. O-O Nh6 8. Bxh6
gxh6 9. Bxa6 Nxa6 10. Qe2 Nb8 11. Na4 Qd7 12. b3 c5 13. dxc5 bxc5 14. c4 d4 15.
Nb2 Qc6 16. Nd2 Nd7 17. f4 Rg8 18. Ne4 Be7 19. Nd3 f5 20. exf6 Nxf6 21. Nxf6+
Bxf6 22. Rae1 Kf7 23. g3 Rg6 24. f5 exf5 25. Rxf5 Kg7 26. Rxc5 Qb6 27. Rb5 Qc7
28. Qe4 Rb8 29. Nf4 Rb6 30. Nxg6 Rxb5 31. cxb5 hxg6 32. Qc6 Qf7 33. Rf1 Qe7 34.
Qxf6+ Qxf6 35. Rxf6 Kxf6 36. Kf2 Ke5 37. Ke2 Ke4 38. a4 d3+ 39. Kd2 Kd4 40. a5
Kc5 41. b6 axb6 42. axb6 Kxb6 43. Kxd3 1-0

[Event "39 Mar del Plata open"]
[Site "?"]
[Date "2008.03.17"]
[Round "4"]
[White "Lopez, Diego"]
[Black "Ortiz, Jorge"]
[Result "1/2-1/2"]
[WhiteElo "2129"]
[BlackElo "1912"]
[PlyCount "94"]

1. d4 Nf6 2. c4 c5 3. d5 b5 4. cxb5 a6 5. bxa6 Bxa6 6. Nc3 g6 7. Nf3 d6 8. e4
Bxf1 9. Kxf1 Nbd7 10. g3 Bg7 11. Kg2 O-O 12. h3 Qb6 13. Re1 e5 14. dxe6 fxe6
15. e5 Nxe5 16. Nxe5 dxe5 17. Qe2 Qc6+ 18. Kg1 Rad8 19. Bg5 h6 20. Bxf6 Bxf6
21. Qe4 Qxe4 22. Nxe4 Be7 23. a4 Rd4 24. a5 Ra8 25. Re2 Ra6 26. Nc3 Rb4 27. Rc2
Bd6 28. Kg2 Kf7 29. Kf3 Rb3 30. Ke3 Rb4 31. Ne4 Be7 32. Nd2 Bg5+ 33. Ke2 Bxd2
34. Rxd2 Rb5 35. Rd7+ Kf6 36. Kd3 Rbxa5 37. Rxa5 Rxa5 38. Kc4 Kf5 39. Rd8 Ke4
40. Rf8 Ra2 41. Kxc5 Rxb2 42. Kd6 Rb6+ 43. Ke7 g5 44. Kf6 Rb3 45. Kxe6 Rf3 46.
Rh8 Rxf2 47. Rxh6 Rd2 1/2-1/2

[Event "39 Mar del Plata open"]
[Site "?"]
[Date "2008.03.17"]
[Round "4"]
[White "Needleman, Alejandro"]
[Black "Cornejo, Max"]
[Result "1/2-1/2"]
[WhiteElo "2355"]
[BlackElo "2338"]
[PlyCount "144"]

1. e4 e5 2. Nf3 Nf6 3. Nxe5 d6 4. Nf3 Nxe4 5. d3 Nf6 6. d4 d5 7. Bd3 Bd6 8. O-O
O-O 9. Bg5 Bg4 10. Nbd2 Nbd7 11. c3 c6 12. Re1 Qc7 13. Qa4 Rfe8 14. Bh4 Bh5 15.
Bg3 Bxg3 16. hxg3 Bg6 17. Bf1 Ne4 18. Nxe4 dxe4 19. Nh4 Nf6 20. Nxg6 hxg6 21.
Qd1 Rad8 22. Qc1 c5 23. dxc5 Qxc5 24. Qe3 Qxe3 25. Rxe3 Rd2 26. Re2 Red8 27.
Rb1 Rd1 28. Rxd1 Rxd1 29. g4 g5 30. g3 Kf8 31. Kg2 Ra1 32. b3 Rd1 33. Rc2 Re1
34. Be2 Nd7 35. b4 Ne5 36. c4 g6 37. f4 gxf4 38. gxf4 Nc6 39. Kf2 Nd4 40. Kxe1
Nxc2+ 41. Kd2 Nd4 42. g5 Nf5 43. Bd1 b6 44. Bc2 e3+ 45. Kd3 a5 46. a3 Ke8 47.
Bd1 Ke7 48. Bg4 axb4 49. axb4 Nd6 50. c5 bxc5 51. bxc5 Nb7 52. c6 Nc5+ 53. Kxe3
Kd6 54. Bf3 Na6 55. Be2 Nb8 56. Bc4 f6 57. gxf6 Kxc6 58. Kf3 Nd7 59. f7 Kd6 60.
Kg4 Ke7 61. Kg5 Kf8 62. Kxg6 Nc5 63. Kf5 Ke7 64. Kg6 Kf8 65. Kf6 Nd7+ 66. Ke6
Nc5+ 67. Kd5 Nd7 68. Kd6 Nf6 69. Be6 Nh5 70. Ke5 Nf6 71. Kf5 Nh5 72. Bc4 Nf6
1/2-1/2

[Event "39 Mar del Plata open"]
[Site "?"]
[Date "2008.03.17"]
[Round "4"]
[White "Needleman, Gaston"]
[Black "Goldwaser, Cristian"]
[Result "1/2-1/2"]
[WhiteElo "2406"]
[BlackElo "2350"]
[PlyCount "68"]

1. e4 c5 2. Nf3 d6 3. d4 cxd4 4. Nxd4 Nf6 5. Nc3 a6 6. Be3 e5 7. Nb3 Be6 8. f3
Nbd7 9. g4 Be7 10. g5 Nh5 11. Rg1 O-O 12. Nd5 Rc8 13. Qd2 Bxd5 14. exd5 Qc7 15.
O-O-O Nb6 16. Rg4 f5 17. gxf6 Nxf6 18. Bxb6 Qxb6 19. Rb4 Qc7 20. Bh3 Ra8 21.
Be6+ Kh8 22. Qc3 Qxc3 23. bxc3 Nh5 24. Rxb7 Bg5+ 25. Kb2 a5 26. a4 Rf4 27. Nd2
Nf6 28. Kb3 e4 29. Nc4 exf3 30. Nxd6 h6 31. Bh3 f2 32. Bf1 Ne4 33. Nxe4 Rxe4
34. Rb1 Bf4 1/2-1/2

[Event "39 Mar del Plata open"]
[Site "?"]
[Date "2008.03.17"]
[Round "4"]
[White "Nejanky, Maisa"]
[Black "Lopez, Pablo"]
[Result "0-1"]
[WhiteElo "2117"]
[BlackElo "1945"]
[PlyCount "44"]

1. e4 e5 2. Nf3 Nc6 3. d4 exd4 4. Nxd4 Qh4 5. Qd3 Nf6 6. Nxc6 dxc6 7. Nc3 Bb4
8. e5 Ng4 9. g3 Qh5 10. f4 Bf5 11. Qd4 c5 12. Qg1 O-O-O 13. Be2 Qg6 14. h3 Nh6
15. Be3 Bxc2 16. g4 Qe4 17. Kf1 Bxc3 18. bxc3 Bd3 19. Rh2 f6 20. Rc1 fxe5 21.
f5 Rhf8 22. Qf2 Nxf5 0-1

[Event "39 Mar del Plata open"]
[Site "?"]
[Date "2008.03.17"]
[Round "4"]
[White "Oddone, Christian"]
[Black "Pichot, Alan"]
[Result "1-0"]
[WhiteElo "2145"]
[BlackElo "1922"]
[PlyCount "91"]

1. e4 c5 2. Nf3 Nc6 3. d3 g6 4. g3 Bg7 5. Bg2 Nf6 6. O-O O-O 7. Nbd2 d5 8. c3
e5 9. Re1 d4 10. cxd4 cxd4 11. Nc4 Ne8 12. a4 Be6 13. Na3 h6 14. Bd2 a6 15. b4
Nd6 16. Qc1 Rc8 17. Qb2 b5 18. axb5 axb5 19. Rec1 f5 20. exf5 gxf5 21. Rxc6
Rxc6 22. Nxd4 exd4 23. Bxc6 Qb6 24. Rc1 Nc4 25. dxc4 Qxc6 26. Nxb5 Rd8 27. Qa3
Bxc4 28. Qa5 Rd5 29. Qc7 Qxb5 30. Qxc4 Qxc4 31. Rxc4 Kf7 32. Kf1 Rb5 33. Rc7+
Kf6 34. Rd7 Kg6 35. Ke2 f4 36. Kd3 f3 37. Ke4 Bf6 38. Rd5 Rxd5 39. Kxd5 Kf5 40.
b5 Bd8 41. Bxh6 d3 42. Kd4 Bb6+ 43. Kxd3 Bxf2 44. Be3 Be1 45. b6 f2 46. Ke2 1-0

[Event "39 Mar del Plata open"]
[Site "?"]
[Date "2008.03.17"]
[Round "4"]
[White "Pierrot, Facundo"]
[Black "Musanti, Diego"]
[Result "0-1"]
[WhiteElo "2450"]
[BlackElo "2314"]
[PlyCount "76"]

1. Nf3 d5 2. d4 Nf6 3. c4 e6 4. Nc3 Be7 5. cxd5 exd5 6. Qc2 c6 7. Bg5 Nbd7 8.
e3 O-O 9. Bd3 Re8 10. O-O Nf8 11. a3 Bd6 12. b4 Bg4 13. Nd2 Bh5 14. Bf5 Bg6 15.
h3 h6 16. Bxf6 Qxf6 17. Bxg6 Nxg6 18. Nf3 Nh4 19. Nxh4 Qxh4 20. b5 Re6 21. bxc6
bxc6 22. Qf5 Qe7 23. Qd3 Re8 24. Rfe1 Qh4 25. Ra2 Rg6 26. e4 Qg5 27. Qf1 Bf4
28. Ree2 Rb8 29. exd5 cxd5 30. Rab2 Rc8 31. Rec2 Rgc6 32. Qd3 Bd6 33. Nb5 Rxc2
34. Rxc2 Qc1+ 35. Rxc1 Rxc1+ 36. Qf1 Bh2+ 37. Kxh2 Rxf1 38. Nxa7 Rxf2 0-1

[Event "39 Mar del Plata open"]
[Site "?"]
[Date "2008.03.17"]
[Round "4"]
[White "Prieto, Gustavo"]
[Black "Cristobal, Manuel"]
[Result "1/2-1/2"]
[WhiteElo "1953"]
[BlackElo "2174"]
[PlyCount "105"]

1. c4 Nf6 2. Nc3 e6 3. e3 b6 4. Nf3 Bb7 5. Be2 Be7 6. O-O O-O 7. d3 d5 8. b3 c5
9. Bb2 Nc6 10. d4 cxd4 11. Nxd4 Nxd4 12. Qxd4 dxc4 13. Qxd8 Rfxd8 14. Bxc4 Rd2
15. Rab1 Ne4 16. Nb5 a6 17. Nd4 b5 18. Be2 Bf6 19. Bf3 Rc8 20. Rfc1 Rd8 21. Rd1
Bxd4 22. exd4 b4 23. Bxe4 Bxe4 24. Rxd2 Bxb1 25. a3 a5 26. axb4 axb4 27. d5 Ba2
28. Rd4 Rxd5 29. Rxd5 exd5 30. Bd4 Bxb3 31. Bc5 d4 32. Bxb4 f6 33. Kf1 Bc4+ 34.
Ke1 Kf7 35. Bc5 d3 36. Be3 Ke6 37. f3 g5 38. g3 Ke5 39. Kf2 Be6 40. f4+ gxf4
41. Bxf4+ Kd4 42. Bd2 Ke4 43. Bf4 Bh3 44. Bd2 h5 45. Bf4 Kf5 46. Ke3 Kg4 47.
Bb8 Bf1 48. h4 Be2 49. Bf4 Kh3 50. Bd6 Kg2 51. Bf4 Kf1 52. Kd2 Kf2 53. Bc7
1/2-1/2

[Event "39 Mar del Plata open"]
[Site "?"]
[Date "2008.03.17"]
[Round "4"]
[White "Sagrera, Marcos"]
[Black "Saralegui, Luis"]
[Result "1-0"]
[WhiteElo "1916"]
[BlackElo "2118"]
[PlyCount "125"]

1. d4 d5 2. c4 c6 3. Nc3 Nf6 4. Nf3 e6 5. Bg5 Nbd7 6. cxd5 exd5 7. e3 Bd6 8.
Bd3 O-O 9. O-O Qc7 10. Rc1 Qb8 11. Qc2 h6 12. Bh4 Re8 13. e4 dxe4 14. Nxe4 Nxe4
15. Bxe4 Nf8 16. Rfe1 Bg4 17. Bg3 Bxg3 18. hxg3 Bxf3 19. Bxf3 Qd6 20. Qc4 Rad8
21. Rxe8 Rxe8 22. d5 Nd7 23. dxc6 Ne5 24. Qc5 Qxc5 25. Rxc5 Nxc6 26. Bxc6 Rc8
27. Ra5 Rxc6 28. Rxa7 b6 29. f3 Rc1+ 30. Kh2 Rc2 31. b3 h5 32. Ra8+ Kh7 33. Ra6
Rb2 34. Rxb6 Rxa2 35. b4 Ra1 36. b5 Rb1 37. Rb8 Kg6 38. b6 f5 39. b7 Kg5 40.
f4+ Kg4 41. Rc8 Rxb7 42. Rc6 h4 43. Rg6+ Kh5 44. Rg5+ Kh6 45. gxh4 Rb5 46. h5
Ra5 47. Kh3 Rb5 48. Kh4 Rb1 49. Rxf5 Rh1+ 50. Kg4 Rh2 51. g3 Rf2 52. Rg5 Ra2
53. Rg6+ Kh7 54. Kg5 Ra5+ 55. f5 Ra3 56. g4 Ra5 57. h6 gxh6+ 58. Rxh6+ Kg7 59.
Rb6 Ra7 60. f6+ Kf7 61. Rb5 Rc7 62. Kf5 Rd7 63. g5 1-0

[Event "39 Mar del Plata open"]
[Site "?"]
[Date "2008.03.17"]
[Round "4"]
[White "Sandoval, Teofilo"]
[Black "Paveto, Kevin"]
[Result "1/2-1/2"]
[WhiteElo "2158"]
[BlackElo "1956"]
[PlyCount "49"]

1. d4 Nf6 2. Nf3 g6 3. b3 Bg7 4. Bb2 d5 5. Nbd2 O-O 6. e3 c5 7. c3 cxd4 8. exd4
Nc6 9. Be2 Nh5 10. a4 Nf4 11. O-O e5 12. dxe5 Nxe5 13. Nxe5 Bxe5 14. Nf3 Bc7
15. g3 Nxe2+ 16. Qxe2 Re8 17. Qd2 Qf6 18. Nd4 Bh3 19. Rfe1 Be5 20. Re3 Bxd4 21.
cxd4 Re4 22. Rae1 Rae8 23. Bc3 Kg7 24. f3 R4e6 25. a5 1/2-1/2